Le crime politique et les révolutions par rapport au droit, à l'anthropologie criminelle et à la science du gouvernement / (Record no. 157930)
[ view plain ]
| 000 -LEADER | |
|---|---|
| campo de control de longitud fija | 01169nam a22002415i 4500 |
| 001 - NÚMERO DE CONTROL | |
| campo de control | 157930 |
| 003 - IDENTIFICADOR DE NÚMERO DE CONTROL | |
| campo de control | ES-MaACL |
| 005 - FECHA Y HORA DE LA ÚLTIMA TRANSACCIÓN | |
| campo de control | 20250904002214.0 |
| 008 - DATOS DE LONGITUD FIJA--INFORMACIÓN GENERAL | |
| campo de control de longitud fija | 990625s1892 fr af |||| | fre d |
| 040 ## - FUENTE DE CATALOGACIÓN | |
| Centro catalogador/agencia de origen | CCPB | B |
| Lengua de catalogación | spa |
| Centro/agencia transcriptor | CCPB | B |
| 100 1# - ENTRADA PRINCIPAL--NOMBRE DE PERSONA | |
| Nombre de persona | Lombroso, Cesare, |
| Fechas asociadas al nombre | 1835-1909 |
| 9 (RLIN) | 242173 |
| 245 13 - MENCIÓN DEL TÍTULO | |
| Título | Le crime politique et les révolutions par rapport au droit, à l'anthropologie criminelle et à la science du gouvernement / |
| Mención de responsabilidad, etc. | C. Lombroso & R. Laschi ; traduit par A. Bouchard. |
| 260 ## - PUBLICACIÓN, DISTRIBUCIÓN, ETC. | |
| Lugar de publicación, distribución, etc. | Paris : |
| Nombre del editor, distribuidor, etc. | Félix Alcan, éditeur, |
| Fecha de publicación, distribución, etc. | 1892. |
| 300 ## - DESCRIPCIÓN FÍSICA | |
| Extensión | 2 v. (XIII, 296 p., IV h. de lám. pleg.; 428 p., V h. de lám. pleg.) ; |
| Dimensiones | 22 cm. |
| 490 1# - MENCIÓN DE SERIE | |
| Mención de serie | Bibliothèque de philosophie contemporaine |
| 650 #7 - PUNTO DE ACCESO ADICIONAL DE MATERIA--TÉRMINO DE MATERIA | |
| Término de materia o nombre geográfico como elemento de entrada | Antropología criminal |
| Fuente del encabezamiento o término | embne |
| 9 (RLIN) | 9866 |
| 700 1# - ENTRADA AGREGADA--NOMBRE PERSONAL | |
| Nombre de persona | Laschi, Rodolfo. |
| 9 (RLIN) | 128717 |
| 700 1# - ENTRADA AGREGADA--NOMBRE PERSONAL | |
| Nombre de persona | Bouchard, Abel, |
| Fechas asociadas al nombre | 1833-1899 |
| 9 (RLIN) | 126097 |
| 830 0# - PUNTO DE ACCESO ADICIONAL DE SERIE-TÍTULO UNIFORME | |
| Título uniforme | Bibliothèque de philosophie contemporaine |
| 9 (RLIN) | 181027 |
| 852 ## - LOCALIZACIÓN | |
| Ubicación | ES-MaACL |
| Número de control de estantería | B-6852-53 |
| Nota libre | -- Enc. pasta española |
| Encuadernación | -- Edic.: T.I (XIII, 296 p., [2] h. pleg. de lám.) - T.II (428 p., [2] h. de lám.) -- El imp. es: Pignerol : Imprimerie Chiantore-Mascarelli |
| Estatus retirado | Estado de pérdida | Estado de daño | No para préstamo | Colección | Biblioteca de origen | Biblioteca actual | Ubicación en estantería | Fecha de adquisición | Total de préstamos | Signatura topográfica completa | Código de barras | Visto por última vez | Precio de reemplazo | Tipo de ítem Koha |
|---|---|---|---|---|---|---|---|---|---|---|---|---|---|---|
| Libros del s. XIX | Biblioteca del Ateneo de Madrid | Biblioteca del Ateneo de Madrid | Sala Pardo Bazán | 17/01/2008 | B-6852-53 | 1165285 | 23/02/2023 | 23/02/2023 | Libro impreso antiguo |
